Picasso: el rey de los burdeles

Saved in:
Bibliografiske detaljer
Hovedforfatter: Castro Flórez, Fernando (Author)
Format: Bog
Sprog:spansk
Udgivet: Madrid Abada Editores 2008
Udgivelse:1a. ed
Serier:Estética y Teoría del Arte
Fag:
Tags: Tilføj Tag
Ingen Tags, Vær først til at tagge denne postø!

MARC

LEADER 00000cam a2200000 a 4500
001 UCE8346
003 CL-VaPUC
008 150731e20080000sp |||||||||||||||||spa|d
020 |a 9788496775145 
082 0 4 |a 701.17  |b CAS  |2 21 
100 0 |a Castro Flórez, Fernando  |e author  |9 581084 
245 1 0 |a Picasso: el rey de los burdeles 
250 |a 1a. ed 
300 |a 87 p 
942 |c BK 
945 |d 20150731 12:25:00  |a dcastane 
260 |a Madrid  |b Abada Editores  |c 2008 
600 0 7 |a PICASSO, PABLO RUIZ  |2 CL-VaPUC  |9 550662 
650 0 |a Estética   |9 264950 
650 0 |a Arte contemporáneo  |9 338008 
650 0 |a Biografías  |9 255210 
583 |a last modification  |c 20150731 12:25:00  |k Rodrigo Vera 
490 0 |a Estética y Teoría del Arte 
999 |c 360242  |d 360240 
952 |0 0  |1 0  |3 erb  |4 0  |6 701_170000000000000_CAS_2008  |7 0  |8 A  |9 469936  |a BIBART  |b BIBART  |i 5191998  |o 701.17 CAS 2008  |p 5191998  |r 2025-03-13  |w 2019-11-23  |y BK  |z Catalogado en:20150731  |k ART